000 00692nam a2200241Ia 4500
003 OSt
005 20220927110342.0
006 a|||||r|||| 00| 0
007 ta
008 220926b |||||||| |||| 00| 0 eng d
024 _a63556
037 _cReports
040 _aRTL
_cRTL
_beng
041 _2eng
_aeng
082 _a"X6263.235.N55t, K0/GD"
100 _aRanbhise N P
_9376465
245 0 _aGrain banks in Marathwada
_b A report
260 _aNew
_bDelhi Planning Commission India
_c1960
300 _a207p
_ccm.
650 _aCommercial Bank
_9376466
942 _h"X6263.235.N55t, K0/GD"
_cCC
999 _c695700
_d695700